| 000 | 00383nam a22001817a 4500 | ||
|---|---|---|---|
| 999 |
_c54334 _d54334 |
||
| 003 | OSt | ||
| 005 | 20260410163923.0 | ||
| 008 | 260410b ||||| |||| 00| 0 eng d | ||
| 020 | _a9788121932448 | ||
| 040 | _cMUIT | ||
| 082 | _a658 | ||
| 100 | _aPILLAI R.S.N | ||
| 245 | _a MARKETING MANAGEMENT | ||
| 250 | _aFIRST | ||
| 260 |
_aNOIDA _bS CHAND |
||
| 300 | _a548 | ||
| 942 | _cBK | ||